| 000 | 00551nam a22001937a 4500 | ||
|---|---|---|---|
| 005 | 20230213070254.0 | ||
| 008 | 230213b |||||||| |||| 00| 0 eng d | ||
| 020 | _a978-93-5017-231-8 | ||
| 082 | _a005.8 G411 2020 | ||
| 100 |
_aGhai, Neha _eauthor |
||
| 245 |
_aNetwork security / _cNeha Ghai |
||
| 250 | _a2nd ed. | ||
| 260 |
_aNew Delhi, IN: _bS.K. Kataria, _cc2020 |
||
| 300 |
_a249p.: _bill. |
||
| 500 | _aOriginally published: S.K., Kataria, 2013 | ||
| 504 | _aIncludes index | ||
| 541 | _e7025 | ||
| 650 | _aComputer network - Security measures | ||
| 999 |
_c1057 _d1057 |
||